000 01375nam a22002537a 4500
005 20111102142633.0
008 111102t xxu||||| |||| 00| 0 mar d
010 _aMAR-21584
020 _c120.00
035 _aMR-14242
037 _bDBAD / PUB
040 _aDPL
_bMR
082 _a294.5924
100 _935655
245 _aयुवाभगवद्गीता /
_cअनंत गणेश आपटे तथा प्रियंवदा अरविंद जोशी द्वारा संपादित
246 _aYuvabhagvadgita
_bedited by Anant Ganesh Apte and Priyanvada Arvind Joshi
260 _aपुणे
_bईशा प्रकाशन
_c2011
270 _a1981सदाशिव पेठ,फ्ल्ॅट नं. 14,बी विंग,2 सरा मजला,हरिनारायण स्मृती,चिमण्या गणपति चौक,
_bपुणे
_e411030
300 _a123पृ.
_c22सेमी(अजिल्द)
700 _aआपटे,अनंत गणेश
_935912
700 _aजोशी,प्रियंवदा अरविंद
_935913
942 _2ddc
_cMR
_mयुवाभ
_h294.5924
999 _c58494
_d58494